[Event "Titled Tuesday intern op 02nd Apr Late"]
[Site "Chess.com INT"]
[Date "2024.04.02"]
[Round "4"]
[White "Akhayan, Ruben"]
[Black "Moreira, Ronaldo Alonso"]
[Result "1-0"]
[WhiteElo "2260"]
[BlackElo "2088"]
[PlyCount "77"]
[EventDate "2024.04.02"]
[EventType "swiss (blitz)"]
[EventRounds "11"]
[EventCountry "USA"]
[SourceTitle "CB15_2024"]
[SourceDate "2024.04.10"]
[SourceVersion "1"]
[SourceVersionDate "2024.04.10"]
[SourceQuality "1"]

1. e4 e6 2. d4 d5 3. Nc3 Nf6 4. e5 Nfd7 5. f4 c5 6. Nf3 Nc6 7. Be3 Qb6 8. Na4 Qa5+ 9. c3 c4 10. b4 Nxb4 11. cxb4 Bxb4+ 12. Bd2 b5 13. Nc5 c3 14. Nb3 cxd2+ 15. Kf2 Qb6 16. Bd3 a5 17. Nbxd2 Bc3 18. g3 Bxd4+ 19. Nxd4 Qxd4+ 20. Ke2 Ba6 21. Nf3 Qb6 22. Ng5 b4 23. Bxa6 Qxa6+ 24. Kf2 Nc5 25. Kg2 h6 26. Nf3 0-0 27. Nd4 Ne4 28. f5 exf5 29. Nxf5 Qe6 30. Rf1 Nc3 31. Qg4 g5 32. h4 Ne4 33. hxg5 hxg5 34. Rae1 Qxe5 35. Nh6+ Kg7 36. Nf5+ Kg8 37. Qh5 Ra6 38. Rh1 Qb2+ 39. Re2 1-0

[Event "Titled Tuesday intern op 27th Feb Late"]
[Site "Chess.com INT"]
[Date "2024.02.27"]
[Round "3"]
[White "Akhayan, Ruben"]
[Black "Yurovskich, Oleksandr"]
[Result "1/2-1/2"]
[WhiteElo "2249"]
[BlackElo "2328"]
[PlyCount "39"]
[EventDate "2024.02.27"]
[EventType "swiss (blitz)"]
[EventRounds "11"]
[EventCountry "USA"]
[SourceTitle "CB10_2024"]
[SourceDate "2024.03.06"]
[SourceVersion "1"]
[SourceVersionDate "2024.03.06"]
[SourceQuality "1"]

1. e4 e6 2. d4 d5 3. Nc3 dxe4 4. Nxe4 Bd7 5. Bd3 Bc6 6. Qe2 Nd7 7. Nf3 Ngf6 8. 0-0 Nxe4 9. Bxe4 Bxe4 10. Qxe4 c6 11. Qg4 Nf6 12. Qg3 g6 13. c3 Bg7 14. Bg5 h6 15. Be3 Qd5 16. Ne5 Nh5 17. Qg4 Nf6 18. Qg3 Nh5 19. Qg4 Nf6 20. Qg3 1/2-1/2

[Event "Titled Tuesday intern op 27th Feb Late"]
[Site "Chess.com INT"]
[Date "2024.02.27"]
[Round "1"]
[White "Fiorito, Francisco"]
[Black "Akhayan, Ruben"]
[Result "1/2-1/2"]
[WhiteElo "2368"]
[BlackElo "2249"]
[PlyCount "151"]
[EventDate "2024.02.27"]
[EventType "swiss (blitz)"]
[EventRounds "11"]
[EventCountry "USA"]
[SourceTitle "CB10_2024"]
[SourceDate "2024.03.06"]
[SourceVersion "1"]
[SourceVersionDate "2024.03.06"]
[SourceQuality "1"]

1. e4 c5 2. Nf3 e6 3. d3 Nf6 4. g3 Nc6 5. Bg2 d5 6. Qe2 dxe4 7. dxe4 Be7 8. 0-0 0-0 9. e5 Nd5 10. Nbd2 Ndb4 11. Ne4 b6 12. Rd1 Qc7 13. a3 Ba6 14. c4 Nd5 15. Qc2 Nxe5 16. cxd5 exd5 17. Nxe5 dxe4 18. Qxe4 Rae8 19. Qf5 Bc8 20. Nd7 Rd8 21. Bf4 Rxd7 22. Qe4 Bd6 23. Rxd6 Rxd6 24. Qe5 Rfd8 25. Re1 Be6 26. Bh3 Qd7 27. Qxd6 Qxd6 28. Bxd6 Rxd6 29. Bf1 g6 30. Rc1 Kg7 31. b4 cxb4 32. axb4 Rd7 33. b5 h5 34. h4 Bf5 35. Kg2 Re7 36. Ra1 Be4+ 37. f3 Bd5 38. Kf2 Rc7 39. Bd3 Be6 40. Ke3 Kf6 41. Ra4 Re7 42. Kf2 Bd5 43. g4 hxg4 44. fxg4 Kg7 45. h5 gxh5 46. gxh5 Kh6 47. Be2 Be6 48. Rf4 Rc7 49. Rf6+ Kg7 50. Rf3 Rc8 51. Kg3 Rh8 52. Kh4 Kf8 53. Kg5 Ke7 54. h6 Bd5 55. Re3+ Kd6 56. Bd3 Kc5 57. h7 Kd4 58. Rh3 Be6 59. Bf5 Bxf5 60. Kxf5 Kc5 61. Kf6 Kxb5 62. Kg7 Rxh7+ 63. Kxh7 a5 64. Kg7 Kb4 65. Kxf7 a4 66. Ke6 a3 67. Rh2 Kb3 68. Kd5 a2 69. Rh3+ Kb2 70. Rh2+ Kb1 71. Rh1+ Kb2 72. Kc4 a1Q 73. Rxa1 Kxa1 74. Kb4 Kb2 75. Kb5 Kc3 76. Kxb6 1/2-1/2

[Event "Titled Tuesday intern op 06th Feb Late"]
[Site "Chess.com INT"]
[Date "2024.02.06"]
[Round "6"]
[White "Akhayan, Ruben"]
[Black "Erzhanov, Arman"]
[Result "1-0"]
[WhiteElo "2249"]
[BlackElo "2156"]
[PlyCount "57"]
[EventDate "2024.02.06"]
[EventType "swiss (blitz)"]
[EventRounds "11"]
[EventCountry "USA"]
[SourceTitle "CB07_2024"]
[SourceDate "2024.02.14"]
[SourceVersion "1"]
[SourceVersionDate "2024.02.14"]
[SourceQuality "1"]

1. e4 d6 2. d4 Nf6 3. Nc3 c6 4. f3 d5 5. Be3 g6 6. e5 Ng8 7. h4 h5 8. Qd2 Nh6 9. Bd3 Bf5 10. 0-0-0 Bxd3 11. Qxd3 e6 12. Nh3 Nf5 13. Ng5 Be7 14. g4 Nxe3 15. Qxe3 hxg4 16. fxg4 Rxh4 17. Rxh4 Nd7 18. Rh8+ Nf8 19. Nh7 Kd7 20. Nxf8+ Bxf8 21. Kb1 Rc8 22. Qf3 Qe7 23. Rh7 Ke8 24. Rf1 Rc7 25. Ne2 Qd7 26. Nf4 c5 27. Nxg6 cxd4 28. Nxf8 Kxf8 29. Rh8+ 1-0

[Event "Titled Tuesday intern op 06th Feb Late"]
[Site "Chess.com INT"]
[Date "2024.02.06"]
[Round "5"]
[White "Rietze, Clemens"]
[Black "Akhayan, Ruben"]
[Result "0-1"]
[WhiteElo "2343"]
[BlackElo "2249"]
[PlyCount "66"]
[EventDate "2024.02.06"]
[EventType "swiss (blitz)"]
[EventRounds "11"]
[EventCountry "USA"]
[SourceTitle "CB07_2024"]
[SourceDate "2024.02.14"]
[SourceVersion "1"]
[SourceVersionDate "2024.02.14"]
[SourceQuality "1"]

1. e4 c5 2. c3 e6 3. Nf3 Nc6 4. d4 d5 5. exd5 exd5 6. Bb5 Nf6 7. 0-0 Be7 8. dxc5 0-0 9. Be3 Bg4 10. h3 Bh5 11. Nbd2 a6 12. Be2 h6 13. b4 Re8 14. Re1 Bf8 15. Nd4 Bxe2 16. Rxe2 Nxd4 17. Bxd4 Qd7 18. Bxf6 gxf6 19. Nf3 Re6 20. Rd2 Rae8 21. Rxd5 Qb5 22. Nd4 Re1+ 23. Qxe1 Rxe1+ 24. Rxe1 Qc4 25. Rd8 Qxc3 26. Re3 Qa1+ 27. Kh2 Kh7 28. Rxf8 Qxd4 29. Rxf7+ Kg6 30. Rxb7 Qf4+ 31. Rg3+ Kf5 32. Rb6 Ke5 33. Rd6 h5 0-1

[Event "Titled Tuesday intern op 16th Jan Late"]
[Site "Chess.com INT"]
[Date "2024.01.16"]
[Round "2"]
[White "Akhayan, Ruben"]
[Black "Maltsevskaya, Aleksandra"]
[Result "0-1"]
[WhiteElo "2249"]
[BlackElo "2378"]
[PlyCount "58"]
[EventDate "2024.01.16"]
[EventType "swiss (blitz)"]
[EventRounds "11"]
[EventCountry "USA"]
[SourceTitle "CB04_2024"]
[SourceDate "2023.10.16"]
[SourceVersion "1"]
[SourceVersionDate "2023.10.16"]
[SourceQuality "1"]

1. e4 c5 2. Nf3 e6 3. d4 cxd4 4. Nxd4 Nf6 5. Nc3 Nc6 6. Qd3 Bb4 7. Nxc6 bxc6 8. Bd2 0-0 9. 0-0-0 d5 10. exd5 exd5 11. Be2 Qa5 12. Kb1 Rb8 13. Ka1 d4 14. Nb1 Be6 15. b3 c5 16. Bxb4 Rxb4 17. Qa6 Qc7 18. Bf3 Rb6 19. Qe2 a5 20. Rhe1 a4 21. Qe5 Qa7 22. Qxc5 axb3 23. cxb3 Bxb3 24. Rd2 Be6 25. Qxd4 Rfb8 26. Rc1 h6 27. g4 Bxa2 28. Rxa2 Rxb1+ 29. Rxb1 Qxd4+ 0-1

[Event "Titled Tuesday intern op 05th Sep Late"]
[Site "Chess.com INT"]
[Date "2023.09.05"]
[Round "11"]
[White "Akhayan, Ruben"]
[Black "D'Arruda, Ricardo D"]
[Result "0-1"]
[WhiteElo "2249"]
[BlackElo "2271"]
[PlyCount "132"]
[EventDate "2023.09.05"]
[EventType "swiss (blitz)"]
[EventRounds "11"]
[EventCountry "USA"]
[SourceTitle "EXT 2024"]
[Source "ChessBase"]
[SourceDate "2023.10.10"]
[SourceVersion "1"]
[SourceVersionDate "2023.10.10"]
[SourceQuality "1"]

1. e4 c5 2. Nf3 Nc6 3. Nc3 Nf6 4. Bb5 d6 5. d4 cxd4 6. Qxd4 Bd7 7. Bxc6 Bxc6 8. Bg5 e6 9. 0-0-0 Be7 10. Kb1 Qc7 11. h4 a6 12. Nd2 0-0-0 13. Nc4 Kb8 14. f3 h6 15. Be3 b5 16. Na5 Ba8 17. Rd3 e5 18. Qb6+ Qxb6 19. Bxb6 Rc8 20. Rhd1 Nd7 21. Be3 Rhd8 22. h5 Nc5 23. Bxc5 dxc5 24. Nd5 Bg5 25. Nb6 Rxd3 26. Rxd3 Rd8 27. Nd7+ Kc7 28. Nxc5 Kb6 29. Rxd8 Bxd8 30. Nab3 Bc7 31. Nd3 f6 32. Nd2 Bc6 33. Nf1 Bd7 34. Ne3 Bd6 35. b3 Ba3 36. c4 Bf8 37. Nd5+ Kc6 38. Kc2 bxc4 39. bxc4 Kb7 40. Kb3 Bd6 41. c5 Bf8 42. Kc4 Bb5+ 43. Kc3 a5 44. g3 Kc6 45. f4 exf4 46. N3xf4 Bxc5 47. Ne6 Bf2 48. Nxg7 Bxg3 49. Nf5 Be5+ 50. Kc2 Bc4 51. Nde7+ Kd7 52. a3 Be2 53. Nd5 Bxh5 54. Nxh6 Bg6 55. Nf5 Bxf5 56. exf5 Kd6 57. Ne3 Kc5 58. Kb3 Bf4 59. Nc4 Bc7 60. Nd2 Kd4 61. Ka4 Ke5 62. Kb5 Kxf5 63. Kc6 Bd8 64. a4 Ke5 65. Nc4+ Kd4 66. Nxa5 Bxa5 0-1

[Event "Titled Tuesday intern op 05th Sep Late"]
[Site "Chess.com INT"]
[Date "2023.09.05"]
[Round "4"]
[White "Akhayan, Ruben"]
[Black "Yedidia, Jonathan"]
[Result "0-1"]
[WhiteElo "2249"]
[BlackElo "2360"]
[PlyCount "78"]
[EventDate "2023.09.05"]
[EventType "swiss (blitz)"]
[EventRounds "11"]
[EventCountry "USA"]
[SourceTitle "EXT 2024"]
[Source "ChessBase"]
[SourceDate "2023.10.10"]
[SourceVersion "1"]
[SourceVersionDate "2023.10.10"]
[SourceQuality "1"]

1. e4 e5 2. Bc4 Nf6 3. d3 Bc5 4. Nc3 Nc6 5. f4 d6 6. Nf3 Bg4 7. Na4 Bb6 8. Nxb6 axb6 9. h3 Bxf3 10. Qxf3 Nd4 11. Qf2 b5 12. Bb3 Nxb3 13. cxb3 exf4 14. Bxf4 Qe7 15. 0-0 Nd7 16. a3 0-0 17. b4 f5 18. Rae1 fxe4 19. Rxe4 Qf7 20. Qe2 Rae8 21. Bg3 Rxe4 22. dxe4 Qxf1+ 23. Qxf1 Rxf1+ 24. Kxf1 Kf7 25. Ke2 Ke6 26. Kd3 Ne5+ 27. Kc3 Nc4 28. Bh4 Ke5 29. Bd8 c6 30. Bc7 Kxe4 31. b3 Ne3 32. Bxd6 Nxg2 33. a4 Nf4 34. h4 Ng6 35. h5 Nf4 36. h6 gxh6 37. a5 h5 38. Be7 Ng6 39. Bd8 h4 0-1

[Event "Titled Tuesday intern op 05th Sep Late"]
[Site "Chess.com INT"]
[Date "2023.09.05"]
[Round "9"]
[White "Van Baar, Esper"]
[Black "Akhayan, Ruben"]
[Result "1-0"]
[WhiteElo "2176"]
[BlackElo "2249"]
[PlyCount "91"]
[EventDate "2023.09.05"]
[EventType "swiss (blitz)"]
[EventRounds "11"]
[EventCountry "USA"]
[SourceTitle "EXT 2024"]
[Source "ChessBase"]
[SourceDate "2023.10.10"]
[SourceVersion "1"]
[SourceVersionDate "2023.10.10"]
[SourceQuality "1"]

1. e4 e5 2. Nf3 Nc6 3. Bc4 Nf6 4. d3 Bc5 5. 0-0 d6 6. c3 0-0 7. h3 a6 8. a4 Ba7 9. Re1 h6 10. Nbd2 Be6 11. b4 Ne7 12. Qb3 Bxc4 13. Nxc4 Ng6 14. Be3 Nh5 15. b5 Qf6 16. Bxa7 Rxa7 17. b6 cxb6 18. Qxb6 Raa8 19. Qxd6 Qxd6 20. Nxd6 Rad8 21. Nxb7 Rxd3 22. Nc5 Rxc3 23. Nxa6 Ra8 24. Nb4 Rc4 25. Nd3 Rcxa4 26. Rxa4 Rxa4 27. Ndxe5 Nxe5 28. Nxe5 Nf6 29. f3 Ra2 30. Kf1 Nh5 31. Ng4 Nf4 32. Nf2 g5 33. g3 Ne6 34. Re2 Ra1+ 35. Kg2 Kg7 36. e5 Ra3 37. Ne4 Nd4 38. Rf2 Ra5 39. f4 gxf4 40. gxf4 Nf5 41. Nf6 Ra3 42. Rb2 Rg3+ 43. Kh2 Rf3 44. Rg2+ Kf8 45. Rg8+ Ke7 46. Re8# 1-0

[Event "Titled Tuesday intern op 29th Aug Late"]
[Site "Chess.com INT"]
[Date "2023.08.29"]
[Round "7"]
[White "Akhayan, Ruben"]
[Black "Martinez Reyes, Pedro Ramon"]
[Result "1-0"]
[WhiteElo "2249"]
[BlackElo "2354"]
[PlyCount "124"]
[EventDate "2023.08.29"]
[EventType "swiss (blitz)"]
[EventRounds "11"]
[EventCountry "USA"]
[SourceTitle "EXT 2024"]
[Source "ChessBase"]
[SourceDate "2023.10.10"]
[SourceVersion "1"]
[SourceVersionDate "2023.10.10"]
[SourceQuality "1"]

1. e4 d5 2. exd5 Qxd5 3. Nc3 Qd8 4. d4 Nf6 5. h3 g6 6. Nf3 Bg7 7. Be2 0-0 8. 0-0 Nc6 9. Be3 b6 10. Qd2 Bb7 11. Rad1 e6 12. Bh6 Ne7 13. Bxg7 Kxg7 14. a3 a6 15. Rfe1 Qd6 16. Qe3 Rad8 17. Qe5 Qxe5 18. dxe5 Ne4 19. Nxe4 Bxe4 20. Bxa6 Bxc2 21. Rc1 Bb3 22. Rxc7 Nd5 23. Rcc1 Nf4 24. Re4 Nd3 25. Bxd3 Rxd3 26. Rb4 Bd5 27. Rxb6 Bxf3 28. gxf3 Rxf3 29. Kg2 Rf5 30. Rb5 Rd8 31. Rc2 Rd4 32. b4 Rff4 33. Rb2 g5 34. a4 g4 35. hxg4 Rxg4+ 36. Kf1 h5 37. a5 h4 38. Rb3 h3 39. Rxh3 Rxb4 40. Rxb4 Rxb4 41. Ra3 Rb7 42. a6 Ra7 43. f4 Kg6 44. Kf2 Kf5 45. Kf3 f6 46. exf6 Kxf6 47. Ke4 Ke7 48. Ke5 Kd7 49. Ra2 Ke7 50. Ra1 Kd7 51. Rd1+ Ke7 52. Rd6 Kf7 53. Rxe6 Rc7 54. Rh6 Rc1 55. f5 Rc5+ 56. Ke4 Ra5 57. Rb6 Ra1 58. Rb7+ Kf6 59. a7 Ra4+ 60. Kd5 Kxf5 61. Kc6 Ra1 62. Kc7 Ke6 1-0

[Event "Titled Tuesday intern op 01st Aug Early"]
[Site "Chess.com INT"]
[Date "2023.08.01"]
[Round "5"]
[White "Akhayan, Ruben"]
[Black "Degenbaev, Aziz"]
[Result "0-1"]
[WhiteElo "2249"]
[BlackElo "2242"]
[PlyCount "108"]
[EventDate "2023.08.01"]
[EventType "swiss (blitz)"]
[EventRounds "11"]
[EventCountry "USA"]
[SourceTitle "EXT 2024"]
[Source "ChessBase"]
[SourceDate "2023.10.10"]
[SourceVersion "1"]
[SourceVersionDate "2023.10.10"]
[SourceQuality "1"]

1. e4 c5 2. Nf3 Nc6 3. Nc3 e5 4. Bc4 Be7 5. d3 d6 6. Nd2 Bg5 7. h4 Bh6 8. Nf1 Bxc1 9. Qxc1 Nf6 10. Ne3 0-0 11. Qd2 a6 12. a4 Nb4 13. Ncd5 Nbxd5 14. Nxd5 Be6 15. Nxf6+ Qxf6 16. Bxe6 fxe6 17. g3 Qf3 18. 0-0 Qg4 19. Qg5 Qxg5 20. hxg5 b5 21. Kg2 Rfb8 22. axb5 axb5 23. f4 exf4 24. gxf4 Kf7 25. Kf3 Kg6 26. Kg4 h5+ 27. gxh6 gxh6 28. Kf3 Kf6 29. Rh1 Kg7 30. Rhg1+ Kh7 31. f5 e5 32. Rxa8 Rxa8 33. Rg6 Ra2 34. Rxd6 Rxb2 35. Rd7+ Kg8 36. c4 b4 37. f6 b3 38. Rb7 Rb1 39. Kg2 h5 40. Kh2 b2 41. Kg2 Kf8 42. Kh2 Ke8 43. Kg2 h4 44. Kh2 Kf8 45. Kg2 h3+ 46. Kh2 Ke8 47. Rb5 Kf7 48. Rb6 Kg6 49. f7+ Kxf7 50. Rb7+ Kf6 51. Rb8 Kg5 52. Rb7 Kf4 53. Rb8 Ke3 54. Rb7 Kxd3 0-1

[Event "Titled Tuesday intern op 01st Aug Late"]
[Site "Chess.com INT"]
[Date "2023.08.01"]
[Round "5"]
[White "Akhayan, Ruben"]
[Black "Haitin, Ilja"]
[Result "0-1"]
[WhiteElo "2249"]
[BlackElo "2284"]
[PlyCount "36"]
[EventDate "2023.08.01"]
[EventType "swiss (blitz)"]
[EventRounds "11"]
[EventCountry "USA"]
[SourceTitle "EXT 2024"]
[Source "ChessBase"]
[SourceDate "2023.10.10"]
[SourceVersion "1"]
[SourceVersionDate "2023.10.10"]
[SourceQuality "1"]

1. e4 e6 2. d4 d5 3. Nc3 Be7 4. Qg4 Nf6 5. Qxg7 Rg8 6. Qh6 dxe4 7. Bd2 Nc6 8. Bb5 Bd7 9. Bxc6 Bxc6 10. 0-0-0 Rxg2 11. Nge2 Rxf2 12. Rhg1 Qd7 13. Qg7 0-0-0 14. Qxf7 e3 15. Bxe3 Ng4 16. Bxf2 Rf8 17. Qxh7 Nxf2 18. Rdf1 Bg5+ 0-1